Practical costing / (Record no. 15458)
[ view plain ]
| 000 -LEADER | |
|---|---|
| fixed length control field | 00711nam a22002537a 4500 |
| 001 - CONTROL NUMBER | |
| control field | 15458 |
| 003 - CONTROL NUMBER IDENTIFIER | |
| rucl marc code | BD-RjUL |
| 005 - DATE AND TIME OF LATEST TRANSACTION | |
| control field | 20211208235823.0 |
| 008 - FIXED-LENGTH DATA ELEMENTS--GENERAL INFORMATION | |
| fixed length control field | 140210s1981 ii ||||| |||| 001 0 eng d |
| 035 ## - SYSTEM CONTROL NUMBER | |
| System control number | (BD-RjUL)15512 |
| 040 ## - CATALOGING SOURCE | |
| Original cataloging agency | BD-RjUL |
| Language of cataloging | eng |
| Transcribing agency | BD-RjUL |
| Modifying agency | BD-RjUL |
| 041 ## - LANGUAGE CODE | |
| Language code of text/sound track or separate title | eng |
| 082 ## - DEWEY DECIMAL CLASSIFICATION NUMBER | |
| Classification number | 657 |
| Author mark and year | KHP 1981 |
| 100 1# - MAIN ENTRY--PERSONAL NAME | |
| Personal name | Khanna, B.S. |
| 9 (RLIN) | 48013 |
| 245 10 - TITLE STATEMENT | |
| Title | Practical costing / |
| Statement of responsibility, etc. | B.S.Khanna, I.M. Pandey, G.K. Ahuja |
| 260 ## - PUBLICATION, DISTRIBUTION, ETC. (IMPRINT) | |
| Place of publication, distribution, etc. | New dheli: |
| Name of publisher, distributor, etc. | S. Cchand & Com.Ltd. |
| Date of publication, distribution, etc. | 1981. |
| 300 ## - PHYSICAL DESCRIPTION | |
| Pagination | 688p.: |
| Illustrations | ill. |
| Size | 21 cm. |
| 504 ## - BIBLIOGRAPHY, ETC. NOTE | |
| Bibliography, etc | Includes Index. |
| 650 #0 - SUBJECT ADDED ENTRY--TOPICAL TERM | |
| Topical term or geographic name as entry element | Accounting. |
| 9 (RLIN) | 48014 |
| Topical term or geographic name as entry element | Costing accounting. |
| 9 (RLIN) | 48015 |
| 700 ## - ADDED ENTRY--PERSONAL NAME | |
| Personal name | Pandey, I.M. |
| Personal name | Ahuja, G.K. |
| 942 ## - ADDED ENTRY ELEMENTS (KOHA) | |
| Source of classification or shelving scheme | Dewey Decimal Classification |
| Koha item type | Books |
| Lost status | Source of classification or shelving scheme | Damaged status | Not for loan | Collection code | Permanent Location | Current Location | Shelving location | Date acquired | Source of acquisition | Cost, normal purchase price | Total Checkouts | Full call number | Date last seen | Copy number | Koha item type |
|---|---|---|---|---|---|---|---|---|---|---|---|---|---|---|---|
| Dewey Decimal Classification | Not For Loan | Non-fiction | Central Library, University of Rajshahi | Central Library, University of Rajshahi | Reading Room | 06/08/1982 | Aligarh Library, Rajshahi | 75.00 | 657 KHP 1981 | 10/02/2014 | C-5 | Books |